Countries that Have Controlled London - Statistics

General Stats
  • This quiz has been taken 1,636 times
    1,546 since last reset
  • The average score is 10 of 16
Answer Stats
Period Answer % Correct
1707 - United Kingdom
92%
47 - 410 Roman Empire
90%
1216 - 1217 France
89%
927 - 1013 England
81%
1014 - 1016 England
81%
1042 - 1066 England
81%
1154 - 1216 England
81%
1217 - 1707 England
81%
871 - 886 Denmark
65%
1013 - 1014 Denmark
65%
1016 - 1042 Denmark
65%
1066 - 1154 Normandy
56%
911 - 927 Wessex
41%
604 - 735 Essex
28%
735 - 871 Mercia
26%
886 - 911 Mercia
26%
No matching quizzes found
Score Distribution
Percent of People with Each Score
Percentile by Number Answered
Your Score History
You have not taken this quiz since the last reset